Statistics for Famous French People by Picture

Click here to take the quiz!

General Stats

  • This quiz has been taken 10,416 times
  • The average score is 10 of 16

Answer Stats

Answer% Correct
Napoleon Bonaparte
95%
Joan of Arc
91%
Emmanuel Macron
87%
Marie Curie
82%
Charles de Gaulle
81%
Zinedine Zidane
65%
André the Giant
64%
Brigitte Bardot
62%
Gérard Depardieu
61%
Édith Piaf
51%
Jacques Chirac
49%
David Guetta
45%
Marion Cotillard
39%
Voltaire
39%
Jean Reno
37%
Victor Hugo
31%

Score Distribution

Percentile by Number Answered

Percent of People with Each Score

Your Score History

You have not taken this quiz